| 000 | 00486nam a22001577a 4500 | ||
|---|---|---|---|
| 999 |
_c7546 _d7544 |
||
| 005 | 20210309130432.0 | ||
| 008 | 210309b ||||| |||| 00| 0 eng d | ||
| 020 | _a978-1-63640-145-4 | ||
| 041 | _aeng | ||
| 100 |
_aKRISHNA, MAYANK _96491 |
||
| 245 |
_aUNFOLDING A BEAUTIFUL LIFE: _ban inspirational story about a father , a child and their daily conversations about life |
||
| 260 |
_bWHITE FALCON PUBLISHING _c2021 |
||
| 300 | _a225,P | ||
| 650 |
_aENGLISH [NOVEL] _96492 |
||
| 942 | _cBK | ||